000 00261nam a2200109Ia 4500
008 220204s9999 xx 000 0 und d
082 _a7.046(540)
_bION
100 _aIons, Veronica
245 0 _aIndian mythology
260 _aEngland
_bNewnes
_c1967
942 _cBK
999 _c38220
_d38220